Project management <a> systems approach to planning, scheduling, and controlling
Salvato in:
| Autore principale: | |
|---|---|
| Natura: | Libro |
| Lingua: | inglese |
| Pubblicazione: |
Hoboken
John Wiley & Sons, Inc.
2006
|
| Edizione: | 9th ed. |
| Soggetti: | |
| Tags: |
Nessun Tag, puoi essere il primo ad aggiungerne!!
|
MARC
| LEADER | 00000nam$a2200000$$$4500 | ||
|---|---|---|---|
| 001 | 0055960 | ||
| 005 | 20240306135920.4 | ||
| 020 | |a 978-0-471-74187-9 | ||
| 041 | 0 | |a eng | |
| 044 | |a US | ||
| 245 | 1 | 0 | |a Project management |b <a> systems approach to planning, scheduling, and controlling |c Harold Kerzner |
| 250 | |a 9th ed. | ||
| 264 | 1 | |a Hoboken |b John Wiley & Sons, Inc. |c 2006 | |
| 300 | |a xxi, 1014 s. | ||
| 610 | 2 | 0 | |a riadenie projektové |
| 610 | 2 | 0 | |a projekty |
| 610 | 2 | 0 | |a manažment |
| 610 | 2 | 0 | |a štruktúra organizačná |
| 610 | 2 | 0 | |a plánovanie projektové |
| 100 | 1 | |a Kerzner, Harold | |